| 000 | 01119cam a22003255a 4500 | ||
|---|---|---|---|
| 001 | 17133453 | ||
| 005 | 20240818092952.0 | ||
| 008 | 120125s2012 maua frb 001 0 eng d | ||
| 020 | _a9780123838483 | ||
| 040 |
_aDLC _beng _cDLC _dEG-ScBUE |
||
| 082 | 0 | 4 |
_a553.28 _bTIA _222 |
| 100 | 1 |
_aTiab, Djebbar. _923862 |
|
| 245 | 1 | 0 |
_aPetrophysics : _btheory and practice of measuring reservoir rock and fluid transport properties / _cDjebbar Tiab, Erle C. Donaldson. |
| 250 | _a3rd ed. | ||
| 260 |
_aWaltham ; _aOxford : _bGulf Professional Publishing / Elsevier, _c2012. |
||
| 300 |
_axx, 950 p. : _bill. ; _c24 cm. |
||
| 500 | _aIndex : p. 913-950. | ||
| 504 | _aIncludes bibliographical references. | ||
| 590 | _ayassmeen ashraf | ||
| 650 | 0 |
_aPetroleum _xGeology. _2BUEsh _92225 |
|
| 650 | 0 |
_aPetrology. _2BUEsh _95042 |
|
| 651 | _2BUEsh | ||
| 653 |
_bENGGEN _bENGPET _cAugust2015 |
||
| 655 |
_vreading book _934232 |
||
| 700 | 1 |
_aDonaldson, Erle C. _923865 |
|
| 942 |
_2ddc _k553.28 TIA _hRDA-MOD |
||
| 999 |
_c19317 _d19289 |
||
| 336 |
_2rdacontent _atext _btxt |
||
| 337 |
_aunmediated _2rdamedia _bn |
||
| 338 |
_avolume _bnc _2rdacarrier |
||